000 00460nam a2200181Ia 4500
008 210210b2006 xxu||||| |||| 00| 0 eng d
020 _a81 87125 96 9
041 _aeng
082 _a332 JHIM
100 _aJHINGAN (M L).
245 _aMonetary economics. Ed.6.
250 _a
260 _aNew Delhi
_bVrinda Publications Private Limited
_c2006
300 _axv,718
650 _aMonetary Economics
690 _aMonetary Economics
906 _a061470
999 _c108370
_d108370